| 000 | 00774nam a22002057a 4500 | ||
|---|---|---|---|
| 003 | 0 | ||
| 005 | 20251104104943.0 | ||
| 008 | 251104b xxu||||| |||| 00| 0 eng d | ||
| 020 | _a978-93-6224-546-5 | ||
| 050 |
_aKF 570 _b.L44 2025 |
||
| 245 |
_aLegal aspects of real estate / _cAbbadelli Abasolo. |
||
| 260 |
_aNew Delhi, India : _bDiscovery Publishing House, _c2025. |
||
| 300 |
_av, 239 pages : _bcolored illustrations ; _c25 cm. |
||
| 504 | _aIncludes bibliographical references and index. | ||
| 650 |
_aReal property _xLaw and legislation _zUnited States. |
||
| 650 |
_aReal estate business _xLaw and legislation _zUnited States. |
||
| 650 |
_aReal property _xUnited States. |
||
| 650 |
_aReal estate development _xLaw and legislation _zUnited States. |
||
| 942 |
_2lcc _cBK |
||
| 999 |
_c368447 _d368447 |
||